000 00974nam a2200301Ia 4500
008 160803s9999 xx 000 0 und d
020 _a978-0545103688
100 _aStilton, Geronimo
245 _aSinging sensation /
245 _cGeronimo Stilton ; illustrations by Larry Keys Chiavini, Chiara Sacchi, Valentina Grassini, Flavio Ferron and Valeria Brambilla ; English translation by Atlantyca S.p.A.
260 _aNew York :
260 _bScholastic Inc.
260 _c2009
300 _a107 pages :
300 _bcolor illustrations ;
300 _c20 cm.
440 _aGeronimo Stilton ;
440 _vbk. 39
500 _aTranslation of: Strano caso del sorcio stonato.
650 _aHumorous stories.
650 _aMice --
650 _aMusic -- Performance --
650 _aStilton, Geronimo (Fictitious character) --
650 _xJuvenile fiction.
650 _xJuvenile fiction.
650 _xJuvenile fiction.
700 _a560
999 _c298252
_d298252